El caudillo

Uloženo v:
Podrobná bibliografie
Hlavní autor: Quevedo y Zubieta, Salvador (Autor)
Médium: Kniha
Jazyk:španělština
Vydáno: París Bouret 1909
Témata:
Tagy: Přidat tag
Žádné tagy, Buďte první, kdo vytvoří štítek k tomuto záznamu!

MARC

LEADER 00000nam a2200000 a 4500
001 UCO0753
003 CL-VaPUC
008 000428e19090000FR |||||||||||||||||spa|d
082 0 4 |a 972.0812  |b QUE  |2 21 
100 0 |a Quevedo y Zubieta, Salvador  |e author  |9 442218 
245 1 3 |a El caudillo 
300 |a 316 p 
942 |c BK 
945 |d 20000428 00:00:00  |a crobeson 
260 |a París  |b Bouret  |c 1909 
600 0 7 |a DIAZ, PORFIRIO  |2 CL-VaPUC  |9 377960 
650 7 |a HISTORIA MEXICANA  |2 CL-VaPUC  |9 333909 
650 0 |a República  |9 310048 
650 7 |a CAUDILLOS  |2 CL-VaPUC  |9 406764 
651 0 |a México  |9 255269 
583 |a last modification  |c 20000428 00:00:00  |k Rodrigo Vera 
999 |c 287400  |d 287398 
952 |0 0  |1 0  |4 0  |6 972_081200000000000_QUE_1909  |7 0  |8 X  |9 334240  |a BIBHIS  |b BIBHIS  |d 2019-11-20  |i 1272454  |l 1  |o 972.0812 QUE 1909  |p 1272454  |r 2024-01-30  |s 2023-05-25  |w 2019-11-20  |y BK_X  |k HIS